[Event "Coimbra Queima das Fitas op"]
[Site "Coimbra"]
[Date "2016.04.24"]
[Round "4"]
[White "Soares, Sara Joana de Moura"]
[Black "Represa Garazo, Juan Manuel"]
[Result "0-1"]
[WhiteElo "1150"]
[BlackElo "1501"]
[PlyCount "72"]
[EventDate "2016.04.22"]
[EventType "swiss"]
[EventRounds "7"]
[EventCountry "POR"]
[SourceTitle "EXT 2018"]
[Source "ChessBase"]
[SourceDate "2017.10.13"]
[SourceVersion "1"]
[SourceVersionDate "2017.10.13"]
[SourceQuality "1"]

1. e4 c5 2. Nf3 d6 3. Bc4 Nc6 4. d3 Nf6 5. Be3 g6 6. Nbd2 Bg7 7. c3 Ng4 8. 0-0 Nge5 9. Nxe5 Nxe5 10. Bb3 Nxd3 11. Nc4 Ne5 12. Nxe5 Bxe5 13. f4 Bg7 14. Qd5 e6 15. Ba4+ Bd7 16. Bxd7+ Qxd7 17. Qg5 0-0 18. Rad1 Rad8 19. Rd3 Qa4 20. a3 b6 21. Rfd1 Qxe4 22. Bf2 Qc6 23. Qe7 Rfe8 24. Rxd6 Rxe7 25. Rxc6 Rxd1+ 26. Be1 Rxe1+ 27. Kf2 Rd1 28. Rc8+ Bf8 29. Ke2 Red7 30. Ra8 R1d2+ 31. Ke1 Rxb2 32. h4 Rxg2 33. Kf1 Ra2 34. Ke1 Rdd2 35. Rxa7 Rh2 36. Rd7 Rh1# 0-1

[Event "Mondariz Marcote Memorial"]
[Site "Mondariz"]
[Date "2014.08.19"]
[Round "4"]
[White "Represa Garazo, Juan Manuel"]
[Black "Dominguez Certal, Dario"]
[Result "0-1"]
[WhiteElo "1555"]
[BlackElo "1501"]
[PlyCount "64"]
[EventDate "2014.08.16"]
[EventType "swiss"]
[EventRounds "9"]
[EventCountry "ESP"]
[SourceTitle "EXT 2015"]
[Source "ChessBase"]
[SourceDate "2014.11.20"]
[SourceVersion "1"]
[SourceVersionDate "2014.11.20"]
[SourceQuality "1"]

1. e4 c5 2. Nc3 Nc6 3. g3 g6 4. Bg2 Bg7 5. f4 d6 6. Nf3 e6 7. 0-0 Nge7 8. d3 0-0 9. Be3 b6 10. h3 Bb7 11. Qe1 d5 12. Nd1 dxe4 13. dxe4 Nb4 14. Qe2 Qc7 15. c3 Ba6 16. c4 Rad8 17. Nf2 Rd7 18. a3 Nbc6 19. e5 Nf5 20. Ng4 Nxg3 21. Qf2 Nxf1 22. Bxf1 Nd4 23. Nf6+ Bxf6 24. exf6 Nxf3+ 25. Qxf3 Qd8 26. Qg3 Qxf6 27. f5 exf5 28. Bg5 Qd4+ 29. Kh2 Qxb2+ 30. Kg1 Qxa1 31. Qh4 Qd4+ 32. Kh2 Qxh4 0-1

[Event "Mondariz Marcote Memorial"]
[Site "Mondariz"]
[Date "2014.08.18"]
[Round "3"]
[White "Ferreiro Diaz, Miguel"]
[Black "Represa Garazo, Juan Manuel"]
[Result "1-0"]
[WhiteElo "1723"]
[BlackElo "1555"]
[PlyCount "119"]
[EventDate "2014.08.16"]
[EventType "swiss"]
[EventRounds "9"]
[EventCountry "ESP"]
[SourceTitle "EXT 2015"]
[Source "ChessBase"]
[SourceDate "2014.11.20"]
[SourceVersion "1"]
[SourceVersionDate "2014.11.20"]
[SourceQuality "1"]

1. e4 c5 2. Nc3 d6 3. f4 Nc6 4. Nf3 Bg4 5. Bc4 Nd4 6. Nxd4 Bd7 7. Nf3 g6 8. 0-0 Bg7 9. d3 e6 10. Qe1 Ne7 11. Nd1 0-0 12. Ne3 Nc6 13. c3 Qc7 14. Qh4 Qd8 15. f5 Qxh4 16. Nxh4 Ne5 17. fxg6 fxg6 18. Nf3 Nxc4 19. Nxc4 d5 20. exd5 exd5 21. Ncd2 Rae8 22. Nb3 b6 23. Bg5 h6 24. Bh4 g5 25. Bg3 g4 26. Nh4 Rxf1+ 27. Rxf1 Re2 28. Rb1 Bb5 29. d4 Bd3 30. Rd1 c4 31. Nc1 Rxb2 32. Nxd3 cxd3 33. Nf5 Rxa2 34. Ne7+ Kf7 35. Nxd5 d2 36. Bf4 Ra5 37. Nb4 Rb5 38. Bxd2 a5 39. Rf1+ Ke6 40. Nd3 a4 41. Nf4+ Kd6 42. Ra1 Ra5 43. Bc1 b5 44. Ba3+ Kc6 45. Re1 Ra7 46. Re6+ Kb7 47. Re7+ Ka6 48. Rxa7+ Kxa7 49. Kf1 Ka6 50. Ke2 Ka5 51. Bb4+ Kb6 52. Kd3 Kc6 53. Ke4 Bf6 54. Nd3 h5 55. Ne5+ Kc7 56. Kf5 Bh4 57. g3 Bd8 58. Nf7 Kd7 59. Nxd8 Kxd8 60. Ke6 1-0